| 000 | 00535nam a2200169 a 4500 | ||
|---|---|---|---|
| 005 | 20210219160401.0 | ||
| 008 | 081028s1960 mx r 000 0 spa d | ||
| 035 | _aUPN01000164480 | ||
| 049 | _aUNE | ||
| 080 | _aDO 341.1: 327 (7/8) 1959ACT No.5. | ||
| 111 | 2 |
_aOEA. Reunión de Consulta de Ministros de Relaciones Exteriores _n(5a. : _d1959 : _cSantiago de Chile) |
|
| 245 | 1 | 0 | _aActa final. |
| 260 |
_aWashington, D.C. : _bOEA, _c1960. |
||
| 300 | _aiii, 23 p. | ||
| 690 | _aOEA- Acuerdos- Relaciones exteriores | ||
| 905 | _aUNESCO | ||
| 999 |
_c136592 _d136592 |
||